| 000 | 00414nam a2200181Ia 4500 | ||
|---|---|---|---|
| 001 | 10171 | ||
| 005 | 20260306161812.0 | ||
| 008 | 260306t2003||||xx |||||||||||||| ||spa|| | ||
| 041 | _aESP | ||
| 082 |
_a903 _bH V. 2 |
||
| 100 |
_aSolar, David _eAUT |
||
| 245 | 0 | _aHistoria del mundo moderno | |
| 260 | _c2003 | ||
| 300 |
_a384 páginas : _ccm. |
||
| 650 | _aGEN | ||
| 654 | _aCHU | ||
| 942 |
_cLIB _dJUS _fJUS _2ddc _n |
||
| 999 |
_c10171 _d10171 |
||